Real Madrid ou FC Barcelone - Statistiques

Statistiques générales
  • Ce quiz a été pris 688 fois
  • Le résultat moyen est 27 sur 30
Statistiques - réponses
Hint Réponse % Correct
Lionel Messi FC Barcelone
95%
Andrés Iniesta FC Barcelone
95%
Neymar FC Barcelone
95%
Lamine Yamal FC Barcelone
95%
Robert Lewandowski FC Barcelone
95%
Cristiano Ronaldo Real Madrid
95%
Zinédine Zidane Real Madrid
95%
Thibaut Courtois Real Madrid
95%
Karim Benzema Real Madrid
95%
Kylian Mbappé Real Madrid
95%
Luis Suárez FC Barcelone
94%
Gerard Piqué FC Barcelone
94%
Marc-André ter Stegen FC Barcelone
94%
Sergio Ramos Real Madrid
94%
Luka Modrić Real Madrid
94%
Carles Puyol FC Barcelone
93%
Ronaldinho FC Barcelone
93%
Raphaël Varane Real Madrid
93%
Gareth Bale Real Madrid
93%
Marcelo Real Madrid
93%
Andreas Christensen FC Barcelone
91%
Thierry Henry FC Barcelone
90%
Ángel Di María Real Madrid
90%
Iker Casillas Real Madrid
90%
Diego Maradona FC Barcelone
89%
Kaká Real Madrid
88%
Yaya Touré FC Barcelone
86%
Álvaro Morata Real Madrid
84%
Claude Makélélé Real Madrid
78%
Arda Turan FC Barcelone
76%
Aucun quiz correspondant
Distribution des résultats
% des personnes avec chaque résultat
Percentile par nombre de réponses
Votre historique - résultats
Vous n’avez pas pris ce quiz